転換された元国鉄・JRの当時の路線名 - Statistics

General Stats
  • This quiz has been taken 275 times
  • The average score is 41 of 61
Answer Stats
転換先 路線名 区間 % Correct
青い森鉄道 東北本線 目時〜青森
95%
IGRいわて銀河鉄道 東北本線 盛岡〜目時
95%
えちごトキめき鉄道 北陸本線 市振〜直江津
91%
あいの風とやま鉄道 北陸本線 倶利伽羅〜市振
91%
IRいしかわ鉄道 北陸本線 大聖寺〜倶利伽羅
91%
ハピラインふくい 北陸本線 敦賀〜大聖寺
91%
えちごトキめき鉄道 信越本線 妙高高原〜直江津
87%
しなの鉄道 信越本線 長野〜妙高高原、軽井沢〜篠ノ井
87%
三陸鉄道 山田線 宮古〜釜石
84%
会津鉄道 会津線 西若松~会津高原尾瀬口
84%
真岡鐵道 真岡線 下館〜茂木
84%
道南いさりび鉄道 江差線 五稜郭〜木古内
82%
肥薩おれんじ鉄道 鹿児島本線 八代〜川内
82%
若桜鉄道 若桜線 郡家〜若桜
81%
鹿島臨海鉄道 鹿島線 水戸〜鹿島サッカースタジアム
80%
のと鉄道(廃止) 能登線 穴水~蛸島
80%
伊勢鉄道 伊勢線 河原田~津
79%
智頭急行 智頭線 上郡〜智頭
79%
樽見鉄道 樽見線 大垣~樽見
78%
信楽高原鐵道 信楽線 貴生川~信楽
78%
北条鉄道 北条線 粟生〜北条町
78%
井原鉄道 井原線 総社〜神辺
78%
甘木鉄道 甘木線 基山〜甘木
78%
長良川鉄道 越美南線 美濃太田〜北濃
75%
三木鉄道(廃止) 三木線 厄神〜三木
75%
松浦鉄道 松浦線 有田〜佐世保
75%
北海道ちほく高原鉄道(廃止) 池北線 池田〜北見
74%
のと鉄道 七尾線 七尾〜穴水
74%
明知鉄道 明知線 恵那~明知
74%
神岡鉄道 (廃止) 神岡線 猪谷〜奥飛騨温泉口
72%
高千穂鉄道(廃止) 高千穂線 延岡〜高千穂
70%
土佐くろしお鉄道 中村線 窪川〜中村
67%
山形鉄道 長井線 赤湯~荒砥
66%
北近畿タンゴ鉄道 宮津線 西舞鶴〜豊岡
66%
野岩鉄道 野岩線 新藤原〜会津高原尾瀬口
65%
三陸鉄道 盛線 盛〜釜石
62%
富山地方鉄道 富山港線 富山~岩瀬浜
62%
わたらせ渓谷鐵道 足尾線 桐生~間藤
61%
阿佐海岸鉄道 阿佐東線 阿波海南〜甲浦
61%
三陸鉄道 宮古線 宮古~田老
60%
三陸鉄道 久慈線 久慈〜田老
59%
阿佐海岸鉄道 牟岐線 阿波海南〜海部
59%
土佐くろしお鉄道 宿毛線 中村〜宿毛
59%
土佐くろしお鉄道 阿佐西線 後免~奈半利
58%
愛知環状鉄道 岡多線 岡崎~瀬戸市
57%
阿武隈急行 丸森線 福島〜槻木
53%
いすみ鉄道 木原線 大原~上総中野
53%
錦川鉄道 岩日線 川西〜錦町
53%
平成筑豊鉄道 田川線 行橋〜田川伊田
53%
秋田内陸縦貫鉄道 阿仁合線 鷹ノ巣~比立内
50%
南阿蘇鉄道 高森線 立野〜高森
50%
くま川鉄道 湯前線 人吉温泉〜湯前
49%
天竜浜名湖鉄道 二俣線 掛川~新所原
48%
秋田内陸縦貫鉄道 角館線 角館~松葉
46%
由利高原鉄道 矢島線 羽後本荘~矢島
46%
平成筑豊鉄道 伊田線 直方〜田川伊田
44%
北近畿タンゴ鉄道 宮福線 宮津〜福知山
43%
北越急行 北越北線 六日町~犀潟
40%
平成筑豊鉄道 糸田線 金田〜田川後藤寺
38%
愛知環状鉄道、東海事業交通 瀬戸線 瀬戸市~高蔵寺、勝川〜枇杷島
29%
秋田内陸縦貫鉄道 鷹角線 比立内~松葉
17%
No matching quizzes found
Score Distribution
Percent of People with Each Score
Percentile by Number Answered
Your Score History
You have not taken this quiz